00334 2200145 4500001002100000005001500021035002000036245004300056100001200099300001200111260003100123082000800154084001400162990001200176INLIS00000000000191720250521013217 a0010-05250002091 aMasih Ada Kereta Akan Lewat /cMira W.0 aMira W. a237 hlm aJakarta :bGramedia,c2004 a813 a813 MIR m a0713436